MARC

LEADER 00000nam0a2200000 4500
001 177561
005 20231101223336.0
035 |a (RuTPU)RU\TPU\book\192503 
090 |a 177561 
100 |a 20100319d1962 m y0rusy50 ca 
101 0 |a rus 
102 |a RU 
105 |a a z 001zy 
200 1 |a Стекло, керамика и их будущее  |f А. И. Корелова 
210 |a Ленинград  |d 1962 
215 |a 55 с.  |c ил. 
320 |a Библиогр.: с. 52-53. 
606 |a Стекло полированное  |2 stltpush  |3 (RuTPU)RU\TPU\subj\34620  |9 56533 
606 |a Керамика в целом  |2 stltpush  |3 (RuTPU)RU\TPU\subj\34758  |9 56633 
610 1 |a будущее 
610 1 |a производство 
610 1 |a строительстве 
610 1 |a техника 
610 1 |a силиконы 
675 |a 666.15  |v 3 
675 |a 666.3  |v 3 
700 1 |a Корелова  |b А. И.  |g Алла Ивановна 
801 1 |a RU  |b 63413507  |c 20100319 
801 2 |a RU  |b 63413507  |c 20180606  |g RCR 
942 |c BK